Collectanea doctorum, qui in suis operibus Concilii Tridentini loca referentes, illorum materiam incidenter tractarunt, et varias quaestiones, in foro ecclesiastico versantibus maximè utiles, deciderunt. Omnia ex eorum libris fideliter desumpta, & suo cuique loco distributa, ac ad mentem decretorum Sacrarum Congregationum Concilii Trident. & Indicis librorum prohibitorum, decisionibus, quae ementito nomine Congregationis in lucem prodierant, relegatis, diligenter expurgata / Augustini Barbosae, I. U. D. lusitani, protonotarii apostolici, olim S. Congregationis indicis consultoris, et insignis Ecclesiae Vimaranensis thesaurii majoris: nunc vero episcopi Ugentini, et a consiliis D. Philippi IV Hispaniarum Regis Catholici

Detalles Bibliográficos
Autor principal: Barbosa, Agostinho, ob. de Ugento, 1589-1649
Otros Autores: Borde, Philippe, 1629-1669, ed, Arnaud, Laurent, 1602-1694, ed, Rigaud, Claude, 1583-1628, ed
Formato: Libro
Lenguaje:Latin
Publicado: Lugduni : sumptibus Philippi Borde, Laurentii Arnaud, & Claudii Rigaud, in via mercatoria, sub signo Temporis, 1651.
Edición:Hac ultima editione ab ipso auctore recognita, et quamplurimorum additamentorum accessione sesquiampliùs aucta. Cum summariis, et quinque indicibus copiosis
Materias:
Colección:Banco de datos
Acervo:Universidad Autónoma Benito Juárez de Oaxaca. Biblioteca Francisco de Burgoa. Colección antigua
Descripción Física:[16] h., 492 p., [32] h. ; f°
Tema general:Derecho eclesiástico
Notas:Portada con empresa tipográfica del impresor en grabado calcográfico y pleca en grabado xilográfico. Texto a dos columnas con paginación en números arabigos, reclamos y signaturas. Incluye cabecera de título con motivos florales y fantásticos en grabado xilográfico. Incluye capitulares con motivos florales en grabado xilográfico. Encuadernación en pergamino. Marca de fuego: Casa del Noviciado de la Compañía de Jesús de Oaxaca, Oax. Marca de fuego: Convento de Santo Domingo de Oaxaca, Oax. Anotación manuscrita en el verso de la portada: "Hiis declaratonibus Sacrae Congregationis Concilli ..." Daños en la encuadernación, tapas desprenddas
LEADER 02706nam a22002410004500
035 |a 3933 
041 0 |a lat 
100 1 |a Barbosa, Agostinho, ob. de Ugento, 1589-1649 
245 1 0 |a Collectanea doctorum, qui in suis operibus Concilii Tridentini loca referentes, illorum materiam incidenter tractarunt, et varias quaestiones, in foro ecclesiastico versantibus maximè utiles, deciderunt. Omnia ex eorum libris fideliter desumpta, & suo cuique loco distributa, ac ad mentem decretorum Sacrarum Congregationum Concilii Trident. & Indicis librorum prohibitorum, decisionibus, quae ementito nomine Congregationis in lucem prodierant, relegatis, diligenter expurgata / Augustini Barbosae, I. U. D. lusitani, protonotarii apostolici, olim S. Congregationis indicis consultoris, et insignis Ecclesiae Vimaranensis thesaurii majoris: nunc vero episcopi Ugentini, et a consiliis D. Philippi IV Hispaniarum Regis Catholici  
250 |a Hac ultima editione ab ipso auctore recognita, et quamplurimorum additamentorum accessione sesquiampliùs aucta. Cum summariis, et quinque indicibus copiosis 
260 |a Lugduni : sumptibus Philippi Borde, Laurentii Arnaud, & Claudii Rigaud, in via mercatoria, sub signo Temporis, 1651. 
300 |a [16] h., 492 p., [32] h. ; f°  
500 |a Portada con empresa tipográfica del impresor en grabado calcográfico y pleca en grabado xilográfico. Texto a dos columnas con paginación en números arabigos, reclamos y signaturas. Incluye cabecera de título con motivos florales y fantásticos en grabado xilográfico. Incluye capitulares con motivos florales en grabado xilográfico. Encuadernación en pergamino. Marca de fuego: Casa del Noviciado de la Compañía de Jesús de Oaxaca, Oax. Marca de fuego: Convento de Santo Domingo de Oaxaca, Oax. Anotación manuscrita en el verso de la portada: "Hiis declaratonibus Sacrae Congregationis Concilli ..." Daños en la encuadernación, tapas desprenddas 
504 |a Al principio de la obra están el índice de decretos del Concilio de Trento, índice de capítulos, índice de bulas y constituciones apostólicas y el índice de decisiones de la Sacra Rota Romana y de la Congregación de Cardenales 
504 |a Al final de la obra está el índice de cosas notables 
650 1 0 |a Derecho eclesiástico 
700 1 |a Borde, Philippe, 1629-1669, ed. 
700 1 |a Arnaud, Laurent, 1602-1694, ed.  
700 1 |a Rigaud, Claude, 1583-1628, ed. 
852 |a Universidad Autónoma "Benito Juárez" de Oaxaca, Biblioteca Francisco de Burgoa, Colección antigua 11082 
942 |c BURANT 
943 |g Universidad Autónoma Benito Juárez de Oaxaca. Biblioteca Francisco de Burgoa. Colección antigua 
999 |c 1114944  |d 1114944